BIOTECHNOLOGY (Record no. 30668)

000 -LEADER
fixed length control field 00411nam a2200181Ia 4500
003 - CONTROL NUMBER IDENTIFIER
control field OSt
005 - DATE AND TIME OF LATEST TRANSACTION
control field 20260428125521.0
008 - FIXED-LENGTH DATA ELEMENTS--GENERAL INFORMATION
fixed length control field 200615s9999||||xx |||||||||||||| ||und||
020 ## - INTERNATIONAL STANDARD BOOK NUMBER
International Standard Book Number 978327222982
040 ## - CATALOGING SOURCE
Transcribing agency MUIT LUCKNOW
082 ## - DEWEY DECIMAL CLASSIFICATION NUMBER
Classification number 581
Item number BIO-S
100 ## - MAIN ENTRY--PERSONAL NAME
Personal name SINGH, BD
245 #0 - TITLE STATEMENT
Title BIOTECHNOLOGY
250 ## - EDITION STATEMENT
Edition statement 1ST
260 ## - PUBLICATION, DISTRIBUTION, ETC.
Place of publication, distribution, etc. NEW DELHI
Name of publisher, distributor, etc. KALYANI PUBLICATION
Date of publication, distribution, etc. 2015
300 ## - PHYSICAL DESCRIPTION
Extent 405
942 ## - ADDED ENTRY ELEMENTS (KOHA)
Koha item type Book
Source of classification or shelving scheme
Holdings
Withdrawn status Lost status Source of classification or shelving scheme Damaged status Not for loan Collection code Permanent Location Current Location Date acquired Cost, normal purchase price Total Checkouts Total Renewals Full call number Barcode Date last seen Date last checked out Price effective from Koha item type
          School of Science Maharishi School of Science & Humanities (Lucknow) Maharishi School of Science & Humanities (Lucknow) 2020-06-15 465.00 5 2 581 BIO-S SOS2881 2024-10-23 2024-10-08 2020-06-15 Book

All Rights Reserved@MUIT

Powered by Koha